000 00227nam a22000857a 4500
008 160705b xxu||||| |||| 00| 0 eng d
100 _92296
_aShiv Khera
245 _aYou Can Win
260 _aIndia
_bMacmillan Publishers India Ltd
_c2013
999 _c1977
_d1977